Italian Cities by their Latin Names - Statistics

General Stats
  • This quiz has been taken 74 times
  • The average score is 10 of 15
Answer Stats
Latin city name Italian city name % Correct
Florentia Firenze
100%
Mediolanum Milano
94%
Taurinum Torino
90%
Bononia Bologna
86%
Bergomum Bergamo
78%
Panormus Palermo
73%
Tarentum Taranto
70%
Brixia Brescia
62%
Patavium Padova
62%
Utinum Udine
56%
Tridentum Trento
52%
Caralis Cagliari
49%
Mutina Modena
48%
Ariminum Rimini
43%
Regium Lepidi Reggio Emilia
41%
No matching quizzes found
Score Distribution
Percent of People with Each Score
Percentile by Number Answered
Your Score History
You have not taken this quiz